000 00615nam a2200241 a 4500
001 nice12345678
003 IN_TiNIC
005 20260116012251.0
008 050524s1993 loua grp 000 0 eng
020 _a0664020
_c100
082 0 0 _a231.044
_bPET
100 _aPeters, Ted
245 _aGod as Trinity
_b Relationality and Temporality in Divine Life
260 _aLouisville
_bWestminister Press
_c1993
300 _a239p
500 _aincludes index and biblioraphy
505 2 _aIndex
650 _aGod-Trinity
700 1 _aPeters, Ted
902 _bSRS
942 _cBK
999 _c6312
_d6312